000 00806cam a2200265 a 4500
001 14913194
005 20180207042613.0
008 070629s2009 paua b 001 0 eng
010 _a 2007027343
020 _a9780781791281
020 _a0781791286
035 _a(DNLM)101310689
040 _aDNLM/DLC
_cDLC
_dDLC
041 _aeng
060 1 0 _aWE 103
_bH217b 2009
080 _a612.76 HAM
082 0 0 _a612.76 HAM
_222
100 1 _a8
101 _aEKZ
245 1 0 _aBiomechanical basis of human movement /
_cJoseph Hamill, Kathleen M. Knutzen.
504 _aIncludes bibliographical references and index.
906 _a7
_bcbc
_corignew
_d1
_eecip
_f20
_gy-gencatlg
942 _2ddc
_cBK
999 _c41986
_d41986